000 00671nam a2200229Ia 4500
005 20230426113319.0
008 131103s9999 xx 000 0 und d
020 _a9.78E+12
_cRs.550.00
040 _aLoreto College
041 _aEnglish
082 _a338.954
_bNAC
245 _aIndia development report 2011
_cEdited by D. M. Nachane
260 _aNew Delhi
_bOxford University Press
_c2011
300 _axix,277p
_b tables, graphs, charts
630 _aDevelopment
630 _aEconomics
650 _aIndia-Economic development
651 _aIndira Gandhi Institute of Development Research
700 _aNachane,D. M., ed
850 _aLCLIB
942 _cBK
999 _c37345
_d87824